Frontières de la Pologne-The Times Lefting - Statistiques

Statistiques générales
  • Ce quiz a été pris 47 fois
  • Le résultat moyen est 6 sur 7
Statistiques - réponses
Km Pays % Correct
467 Allemagne
100%
210 Russie
93%
104 Lituanie
87%
796 République Tchèque
87%
535 Ukraine
87%
418 Biélorussie
80%
541 Slovaquie
74%
Aucun quiz correspondant
Distribution des résultats
% des personnes avec chaque résultat
Percentile par nombre de réponses
Votre historique - résultats
Vous n’avez pas pris ce quiz